Normal view
MARC view
Entry Personal Name
001 - CONTROL NUMBER
- control field: 14596
003 - CONTROL NUMBER IDENTIFIER
- control field: ARRUPE
005 - DATE AND TIME OF LATEST TRANSACTION
- control field: 20150123130005.0
008 - FIXED-LENGTH DATA ELEMENTS
- fixed length control field: 150123|| aca||aabn | a|a d
040 ## - CATALOGING SOURCE
- Original cataloging agency: ARRUPE
- Transcribing agency: ARRUPE
100 ## - HEADING--PERSONAL NAME
- Personal name: Ignatius
- Title of a work: saint
- Chronological subdivision: 1491-1556
- Geographic subdivision: of Loyola
670 ## - SOURCE DATA FOUND
- Source citation: Work cat.: (ARRUPE): Sears, Robert T. 14595, Self-Emptying love in a global context , 2006